000 00361nam a2200145Ia 4500
008 240126s9999 xx 000 0 und d
041 _aEnglish
082 _aPRMB99-578
100 _aRaja Sekhar, K
245 0 _aMotivation of employees
_bVijaya Kumar, G C
260 _bPESIT
440 _aNULL
650 _aEmployee, motivation Motivation
942 _cPR
999 _c255772
_d255772